Arsenal FC Squad 2024-2025 - Statistics

General Stats
  • This quiz has been taken 973 times
    355 since last reset
  • The average score is 21 of 24
Answer Stats
# Position Nation Player % Correct
7 FW England Bukayo Saka
98%
2 DF France William Saliba
98%
22 GK Spain David Raya
96%
11 FW Brazil Gabriel Martinelli
96%
8 MF Norway Martin Ødegaard
96%
- Coach Spain Mikel Arteta
96%
9 FW Brazil Gabriel Jesus
95%
6 DF Brazil Gabriel Magalhães
95%
19 FW Belgium Leandro Trossard
95%
5 MF Ghana Thomas Partey
95%
17 DF Ukraine Oleksandr Zinchenko
94%
12 DF Netherlands Jurrien Timber
91%
29 MF Germany Kai Havertz
91%
4 DF England Ben White
90%
33 DF Italy Riccardo Calafiori
90%
15 DF Poland Jakub Kiwior
89%
20 MF Italy Jorginho
89%
3 DF Scotland Kieran Tierney
89%
23 MF Spain Mikel Merino
89%
18 DF Japan Takehiro Tomiyasu
88%
41 MF England Declan Rice
82%
32 GK Brazil Neto
72%
30 FW England Raheem Sterling
51%
49 DF England Myles Lewis-Skelly
33%
No matching quizzes found
Score Distribution
Percent of People with Each Score
Percentile by Number Answered
Your Score History
You have not taken this quiz since the last reset